[Event "5. Obert Internacional Masdenverge 2016"]
[Site "Masdenverge ESP"]
[Date "2016.06.24"]
[Round "1.1"]
[White "Jordan Martinez, David"]
[Black "Subirats Ferrando, Jordi"]
[Result "1-0"]
[WhiteElo "2195"]
[BlackElo "1719"]
[PlyCount "81"]
[EventDate "2016.06.24"]
[EventType "swiss"]
[EventRounds "7"]
[EventCountry "ESP"]
[SourceTitle "Ajedrez en Madrid"]
[Source "lmi"]
[SourceDate "2016.06.24"]
[SourceVersion "1"]
[SourceVersionDate "2018.04.15"]
[SourceQuality "1"]

1. e4 c5 2. Nc3 Nc6 3. g3 g6 4. Bg2 Bg7 5. d3 Nf6 6. Be3 d6 7. h3 Qb6 8. Qd2
Be6 9. Nge2 Nd7 10. O-O Nd4 11. Rab1 Qc7 12. Nf4 Ne5 13. Nxe6 fxe6 14. f4 Nec6
15. Nd1 Qd7 16. c3 Nb5 17. Nf2 b6 18. h4 d5 19. a4 Nc7 20. Qe2 d4 21. Bd2 e5
22. Bh3 e6 23. c4 a5 24. Ng4 O-O-O 25. b3 Rdf8 26. Rf2 Qe7 27. Rbf1 Kb7 28. Kg2
h6 29. fxe5 Rxf2+ 30. Rxf2 Nxe5 31. Nxe5 Bxe5 32. Qg4 Qg7 33. Qf3 Kc6 34. Qf7
Qxf7 35. Rxf7 h5 36. Bg5 Rg8 37. Bh6 Kd6 38. Kf3 Ne8 39. Bf8+ Kc6 40. Bxe6 Nd6
41. Bd5# 1-0

[Event "5. Obert Internacional Masdenverge 2016"]
[Site "Masdenverge ESP"]
[Date "2016.06.24"]
[Round "1.2"]
[White "Villaden Isern, Joaquim"]
[Black "Panella Navarro, Sergi"]
[Result "0-1"]
[WhiteElo "1714"]
[BlackElo "2194"]
[PlyCount "44"]
[EventDate "2016.06.24"]
[EventType "swiss"]
[EventRounds "7"]
[EventCountry "ESP"]
[SourceTitle "Ajedrez en Madrid"]
[Source "lmi"]
[SourceDate "2016.06.24"]
[SourceVersion "1"]
[SourceVersionDate "2018.04.15"]
[SourceQuality "1"]

1. b3 Nf6 2. Bb2 g6 3. e3 Bg7 4. Nf3 O-O 5. Be2 d6 6. d3 e5 7. Nbd2 h6 8. e4
Nc6 9. O-O Ne8 10. h3 f5 11. Nh2 Nf6 12. exf5 Bxf5 13. Ndf3 Kh7 14. Nh4 Bd7 15.
Ng4 Nh5 16. g3 Nf4 17. Ne3 Bxh3 18. Re1 Qf6 19. Bf3 Ne6 20. Re2 Ncd4 21. Bxd4
Nxd4 22. Nd5 Nxf3+ 0-1

[Event "5. Obert Internacional Masdenverge 2016"]
[Site "Masdenverge ESP"]
[Date "2016.06.24"]
[Round "1.3"]
[White "Jordan Martinez, Miguel"]
[Black "Ferrer Foix, Vicent"]
[Result "1-0"]
[WhiteElo "2193"]
[BlackElo "1693"]
[PlyCount "77"]
[EventDate "2016.06.24"]
[EventType "swiss"]
[EventRounds "7"]
[EventCountry "ESP"]
[SourceTitle "Ajedrez en Madrid"]
[Source "lmi"]
[SourceDate "2016.06.24"]
[SourceVersion "1"]
[SourceVersionDate "2018.04.15"]
[SourceQuality "1"]

1. e4 d6 2. d4 g6 3. Be3 Bg7 4. Nc3 c6 5. Qd2 Nd7 6. f3 Qc7 7. g4 h5 8. gxh5
Rxh5 9. Nge2 b5 10. Nf4 Rh8 11. a3 a6 12. Qg2 Nf8 13. h4 e5 14. dxe5 dxe5 15.
Nd3 Ne6 16. Qg3 Bd7 17. Bh3 O-O-O 18. Bxe6 Bxe6 19. O-O-O Ne7 20. h5 Rdg8 21.
h6 Bf6 22. Bg5 Bxg5+ 23. Qxg5 Rh7 24. Nxe5 Kb7 25. Nd3 Bc8 26. Nc5+ Ka8 27. Nd7
Bxd7 28. Qxe7 Rd8 29. Rd6 Kb8 30. Rhd1 Kc8 31. e5 Rxh6 32. Qxf7 Rhh8 33. e6
Rdf8 34. exd7+ Kb7 35. Qxg6 Rxf3 36. Ne4 Qb6 37. Qg5 Rhf8 38. Nc5+ Ka7 39. Ne6
1-0

[Event "5. Obert Internacional Masdenverge 2016"]
[Site "Masdenverge ESP"]
[Date "2016.06.24"]
[Round "1.4"]
[White "Girona Masdeu, Jordi"]
[Black "Montalban Galvez, Antoni"]
[Result "1/2-1/2"]
[WhiteElo "1689"]
[BlackElo "2193"]
[PlyCount "98"]
[EventDate "2016.06.24"]
[EventType "swiss"]
[EventRounds "7"]
[EventCountry "ESP"]
[SourceTitle "Ajedrez en Madrid"]
[Source "lmi"]
[SourceDate "2016.06.24"]
[SourceVersion "1"]
[SourceVersionDate "2018.04.15"]
[SourceQuality "1"]

1. e4 c5 2. Nf3 e6 3. g3 a6 4. Bg2 b5 5. O-O Bb7 6. d3 d6 7. Nc3 Nd7 8. Bf4 Qc7
9. Re1 b4 10. Ne2 Ne7 11. Qd2 Ng6 12. Rad1 Be7 13. Bg5 Bxg5 14. Nxg5 h6 15. Nf3
O-O 16. Nf4 Nxf4 17. Qxf4 Ne5 18. Nd2 a5 19. Qh4 Qd8 20. Qxd8 Raxd8 21. f4 Nc6
22. c3 Ba6 23. Nc4 Rd7 24. e5 d5 25. Nb6 Rc7 26. Na4 Ne7 27. cxb4 axb4 28. Rc1
Bxd3 29. Nxc5 Bb5 30. Nb3 Rfc8 31. Rxc7 Rxc7 32. Rc1 Rc4 33. Bf1 Rxc1 34. Nxc1
Bc4 35. a3 bxa3 36. bxa3 Kf8 37. Bd3 Ke8 38. Kf2 Bxd3 39. Nxd3 Kd7 40. Ke2 Kc6
41. a4 Kb6 42. Ke3 Nf5+ 43. Kd2 Ka5 44. Nc5 Kb4 45. Nb7 Kxa4 46. Nd8 Nd4 47.
Ke3 Nc2+ 48. Kd2 Nd4 49. Ke3 Nc2+ 1/2-1/2

[Event "5. Obert Internacional Masdenverge 2016"]
[Site "Masdenverge ESP"]
[Date "2016.06.24"]
[Round "1.5"]
[White "Roig Aguilar, Alejandro"]
[Black "Fernandez Sierra, Pedro Jose"]
[Result "1-0"]
[WhiteElo "2192"]
[BlackElo "1660"]
[PlyCount "93"]
[EventDate "2016.06.24"]
[EventType "swiss"]
[EventRounds "7"]
[EventCountry "ESP"]
[SourceTitle "Ajedrez en Madrid"]
[Source "lmi"]
[SourceDate "2016.06.24"]
[SourceVersion "1"]
[SourceVersionDate "2018.04.15"]
[SourceQuality "1"]

1. d4 Nf6 2. c4 c5 3. d5 b5 4. cxb5 a6 5. bxa6 Bxa6 6. Nc3 d6 7. g3 g6 8. Bg2
Bg7 9. Nh3 O-O 10. O-O Nbd7 11. Qc2 Qc7 12. b3 Nb6 13. Rb1 Rfb8 14. Nf4 Ng4 15.
h4 Bd4 16. Bb2 Qa7 17. a4 Nd7 18. Ne4 Bxb2 19. Rxb2 Rb4 20. Nc3 Rab8 21. Na2
R4b7 22. h5 Nge5 23. Rfb1 g5 24. Nh3 h6 25. Qc1 f6 26. Be4 Nf8 27. Kg2 Rc7 28.
f4 Nf7 29. Qd2 Bc8 30. Nc3 Qb6 31. Nb5 Rcb7 32. Nf2 f5 33. Bd3 g4 34. Qc2 Bd7
35. Bxf5 Bxb5 36. axb5 Qxb5 37. Nxg4 Qb4 38. Be6 Kg7 39. Qf5 Nh8 40. Nxh6 Nxe6
41. Qxe6 Qc3 42. Nf5+ Kf8 43. h6 Qf6 44. Qxf6+ exf6 45. Nxd6 Rb6 46. Nc4 R6b7
47. e4 1-0

[Event "5. Obert Internacional Masdenverge 2016"]
[Site "Masdenverge ESP"]
[Date "2016.06.24"]
[Round "1.7"]
[White "Aymerich Rosell, Pablo"]
[Black "Orti Boix, Miguel"]
[Result "1-0"]
[WhiteElo "2173"]
[BlackElo "1607"]
[PlyCount "93"]
[EventDate "2016.06.24"]
[EventType "swiss"]
[EventRounds "7"]
[EventCountry "ESP"]
[SourceTitle "Ajedrez en Madrid"]
[Source "lmi"]
[SourceDate "2016.06.24"]
[SourceVersion "1"]
[SourceVersionDate "2018.04.15"]
[SourceQuality "1"]

1. d4 Nf6 2. c4 g6 3. Nc3 Bg7 4. e4 d6 5. Be2 O-O 6. Bg5 h6 7. Be3 c5 8. dxc5
Qa5 9. Bd2 Qxc5 10. Nf3 Bd7 11. O-O Qc8 12. Rc1 Nc6 13. Re1 Qd8 14. h3 Rc8 15.
b3 g5 16. Be3 Ne8 17. Nh2 e5 18. c5 Nd4 19. cxd6 Nxd6 20. Bg4 f5 21. exf5 N6xf5
22. Bd2 Bc6 23. Ne4 Rc7 24. Bb4 Rff7 25. Nf1 b6 26. Nfd2 a5 27. Ba3 Rfd7 28.
Bb2 Rf7 29. Nc4 Bxe4 30. Rxe4 Qd5 31. Nd2 Rxc1 32. Qxc1 Nd6 33. Re1 Rf4 34. Qc7
Qc5 35. Qxc5 bxc5 36. g3 Rf8 37. Rc1 Nb7 38. Ne4 Nf3+ 39. Kg2 Nd4 40. Nxc5 Nd6
41. Ne6 Rc8 42. Rxc8+ Nxc8 43. Bxd4 exd4 44. Nxg7 d3 45. Bxc8 d2 46. Bg4 Kxg7
47. Kf1 1-0

[Event "5. Obert Internacional Masdenverge 2016"]
[Site "Masdenverge ESP"]
[Date "2016.06.24"]
[Round "1.9"]
[White "Colls Gelaberto, Emili"]
[Black "Trujillo Saavedra, Ramiro"]
[Result "1-0"]
[WhiteElo "2135"]
[BlackElo "1590"]
[PlyCount "63"]
[EventDate "2016.06.24"]
[EventType "swiss"]
[EventRounds "7"]
[EventCountry "ESP"]
[SourceTitle "Ajedrez en Madrid"]
[Source "lmi"]
[SourceDate "2016.06.24"]
[SourceVersion "1"]
[SourceVersionDate "2018.04.15"]
[SourceQuality "1"]

1. Nf3 Nf6 2. c4 g6 3. Nc3 Bg7 4. e4 d6 5. d4 O-O 6. h3 e5 7. dxe5 dxe5 8. Qxd8
Rxd8 9. Nd5 Nxd5 10. cxd5 c6 11. Bc4 b5 12. Bb3 Bb7 13. Bg5 Rd7 14. dxc6 Nxc6
15. O-O Nd4 16. Nxd4 Rxd4 17. f3 h6 18. Bh4 g5 19. Bf2 Rd7 20. Rfd1 Rc7 21.
Rac1 Rac8 22. Rd8+ Kh7 23. Rxc8 Rxc8 24. Rxc8 Bxc8 25. Bxa7 Kg6 26. Bd5 Bd7 27.
Bc5 Bf6 28. Bd6 h5 29. g4 hxg4 30. hxg4 Bg7 31. Kf2 f6 32. Ke3 1-0

[Event "5. Obert Internacional Masdenverge 2016"]
[Site "Masdenverge ESP"]
[Date "2016.06.24"]
[Round "1.10"]
[White "Altabas Felipo, Enoc"]
[Black "Brusi Noguera, Ricardo Ll."]
[Result "0-1"]
[WhiteElo "1570"]
[BlackElo "2126"]
[PlyCount "68"]
[EventDate "2016.06.24"]
[EventType "swiss"]
[EventRounds "7"]
[EventCountry "ESP"]
[SourceTitle "Ajedrez en Madrid"]
[Source "lmi"]
[SourceDate "2016.06.24"]
[SourceVersion "1"]
[SourceVersionDate "2018.04.15"]
[SourceQuality "1"]

1. c4 c5 2. g3 g6 3. Bg2 Bg7 4. e3 Nc6 5. Nf3 e5 6. Nc3 Nge7 7. O-O O-O 8. b3
a6 9. Bb2 Rb8 10. Rb1 d6 11. d4 exd4 12. exd4 Nxd4 13. Nxd4 Bxd4 14. Ne4 Nc6
15. Bxd4 Nxd4 16. b4 Bf5 17. bxc5 dxc5 18. Re1 Bxe4 19. Rxe4 b5 20. Rxd4 Qxd4
21. Qxd4 cxd4 22. Rd1 bxc4 23. Rxd4 Rb1+ 24. Bf1 Rc8 25. Rd2 c3 26. Rc2 Rb2 27.
Rc1 Rxa2 28. Kg2 a5 29. Bd3 Rd2 30. Bb5 c2 31. Ba4 Rc4 32. Bb3 Rb4 33. Rxc2
Rxc2 34. Bxc2 a4 0-1

[Event "5. Obert Internacional Masdenverge 2016"]
[Site "Masdenverge ESP"]
[Date "2016.06.24"]
[Round "1.11"]
[White "Buch Prades, Joan"]
[Black "Rodriguez Sensano, Manel"]
[Result "1-0"]
[WhiteElo "2077"]
[BlackElo "1539"]
[PlyCount "49"]
[EventDate "2016.06.24"]
[EventType "swiss"]
[EventRounds "7"]
[EventCountry "ESP"]
[SourceTitle "Ajedrez en Madrid"]
[Source "lmi"]
[SourceDate "2016.06.24"]
[SourceVersion "1"]
[SourceVersionDate "2018.04.15"]
[SourceQuality "1"]

1. d4 Nf6 2. c4 e5 3. dxe5 Ng4 4. e3 Nxe5 5. Nh3 d6 6. Nf4 Nbc6 7. Nc3 g6 8.
Be2 Bg7 9. h4 h5 10. Nfd5 a6 11. e4 b6 12. Bg5 f6 13. Bf4 Be6 14. Qd2 Qd7 15.
O-O-O f5 16. Bg5 Nf7 17. Nf6+ Bxf6 18. Bxf6 Rf8 19. exf5 Bxf5 20. Rhe1 Nfe5 21.
Nd5 Be6 22. f4 Ng4 23. Bxg4 hxg4 24. Rxe6+ Qxe6 25. Nxc7+ 1-0

[Event "5. Obert Internacional Masdenverge 2016"]
[Site "Masdenverge ESP"]
[Date "2016.06.24"]
[Round "2.1"]
[White "Ortoneda Mayoral, Emilio"]
[Black "Jordan Martinez, David"]
[Result "0-1"]
[WhiteElo "1893"]
[BlackElo "2195"]
[PlyCount "42"]
[EventDate "2016.06.24"]
[EventType "swiss"]
[EventRounds "7"]
[EventCountry "ESP"]
[SourceTitle "Ajedrez en Madrid"]
[Source "lmi"]
[SourceDate "2016.06.24"]
[SourceVersion "1"]
[SourceVersionDate "2018.04.15"]
[SourceQuality "1"]

1. e4 c5 2. Nf3 e6 3. d4 cxd4 4. Nxd4 a6 5. c4 Nf6 6. Nc3 Qc7 7. Be2 Be7 8. O-O
d6 9. Be3 b6 10. Rc1 Bb7 11. f3 Nbd7 12. b4 Rc8 13. Qb3 O-O 14. a4 Qb8 15. Rfd1
Rfe8 16. Bf2 Bd8 17. Rd2 Bc7 18. g3 Qa8 19. Bf1 g6 20. Bg2 Bd8 21. Nce2 Be7 0-1

[Event "5. Obert Internacional Masdenverge 2016"]
[Site "Masdenverge ESP"]
[Date "2016.06.24"]
[Round "2.2"]
[White "Panella Navarro, Sergi"]
[Black "Jardi Talarn, Joan Salvado"]
[Result "1/2-1/2"]
[WhiteElo "2194"]
[BlackElo "1923"]
[PlyCount "30"]
[EventDate "2016.06.24"]
[EventType "swiss"]
[EventRounds "7"]
[EventCountry "ESP"]
[SourceTitle "Ajedrez en Madrid"]
[Source "lmi"]
[SourceDate "2016.06.24"]
[SourceVersion "1"]
[SourceVersionDate "2018.04.15"]
[SourceQuality "1"]

1. e4 e6 2. d4 d5 3. Nd2 Nf6 4. e5 Nfd7 5. Bd3 c5 6. c3 Nc6 7. Ngf3 a6 8. O-O
g5 9. dxc5 Bg7 10. Nb3 h6 11. Re1 Ndxe5 12. Nxe5 Nxe5 13. Bf1 Ng6 14. Be3 O-O
15. Qc2 e5 1/2-1/2

[Event "5. Obert Internacional Masdenverge 2016"]
[Site "Masdenverge ESP"]
[Date "2016.06.24"]
[Round "2.3"]
[White "Aviol Perez, Jose Mariano"]
[Black "Jordan Martinez, Miguel"]
[Result "0-1"]
[WhiteElo "1860"]
[BlackElo "2193"]
[PlyCount "63"]
[EventDate "2016.06.24"]
[EventType "swiss"]
[EventRounds "7"]
[EventCountry "ESP"]
[SourceTitle "Ajedrez en Madrid"]
[Source "lmi"]
[SourceDate "2016.06.24"]
[SourceVersion "1"]
[SourceVersionDate "2018.04.15"]
[SourceQuality "1"]

1. d4 Nf6 2. Nf3 g6 3. Nc3 d5 4. Bf4 c6 5. Ne5 Bg7 6. e3 Nh5 7. Bg3 Nxg3 8.
hxg3 f6 9. Nf3 O-O 10. Qd2 b5 11. O-O-O Bg4 12. Rh4 Bxf3 13. gxf3 Nd7 14. Bd3
f5 15. Rdh1 h6 16. e4 e6 17. Rxh6 Kf7 18. g4 Bxh6 19. Rxh6 Rh8 20. gxf5 exf5
21. exd5 Rxh6 22. Qxh6 Nf6 23. dxc6 a6 24. Qf4 Rc8 25. Nxb5 axb5 26. Bxb5 Qe7
27. c4 Qe1+ 28. Kc2 Qxf2+ 29. Kb3 Nh5 30. Qd6 Qxf3+ 31. Kb4 Nf4 32. a4 0-1

[Event "5. Obert Internacional Masdenverge 2016"]
[Site "Masdenverge ESP"]
[Date "2016.06.24"]
[Round "2.4"]
[White "Aledo Yanguas, Javier"]
[Black "Roig Aguilar, Alejandro"]
[Result "0-1"]
[WhiteElo "1841"]
[BlackElo "2192"]
[PlyCount "56"]
[EventDate "2016.06.24"]
[EventType "swiss"]
[EventRounds "7"]
[EventCountry "ESP"]
[SourceTitle "Ajedrez en Madrid"]
[Source "lmi"]
[SourceDate "2016.06.24"]
[SourceVersion "1"]
[SourceVersionDate "2018.04.15"]
[SourceQuality "1"]

1. e4 c5 2. c3 g6 3. d4 cxd4 4. cxd4 d5 5. e5 Bg7 6. h3 Nc6 7. Nf3 f6 8. exf6
Nxf6 9. Bd3 O-O 10. Nc3 Qb6 11. Na4 Qc7 12. O-O Nh5 13. Nc3 Qd6 14. Bc2 Kh8 15.
Ne5 Nf4 16. Nb5 Qd8 17. Re1 Bxe5 18. dxe5 Qb6 19. Nc3 Nxh3+ 20. gxh3 Qxf2+ 21.
Kh1 Rf3 22. Re3 Rxe3 23. Bxe3 Qxe3 24. Qf1 Bxh3 25. Nxd5 Qxe5 26. Qxh3 Qxd5+
27. Kh2 Qd2+ 28. Qg2 Rd8 0-1

[Event "5. Obert Internacional Masdenverge 2016"]
[Site "Masdenverge ESP"]
[Date "2016.06.24"]
[Round "2.5"]
[White "Accensi Estrada, Miguel Angel"]
[Black "Ferre Fornos, J. Enric"]
[Result "1-0"]
[WhiteElo "2185"]
[BlackElo "1888"]
[PlyCount "53"]
[EventDate "2016.06.24"]
[EventType "swiss"]
[EventRounds "7"]
[EventCountry "ESP"]
[SourceTitle "Ajedrez en Madrid"]
[Source "lmi"]
[SourceDate "2016.06.24"]
[SourceVersion "1"]
[SourceVersionDate "2018.04.15"]
[SourceQuality "1"]

1. Nf3 d6 2. d4 g6 3. g3 Bg7 4. Bg2 Nf6 5. O-O O-O 6. Nbd2 Nbd7 7. b3 c5 8. Bb2
Rb8 9. c4 b6 10. Qc2 Qc7 11. d5 Ne8 12. e4 Ne5 13. Nh4 e6 14. dxe6 fxe6 15.
Rae1 Nc6 16. Bxg7 Nxg7 17. Qd3 e5 18. f4 Nd4 19. Nhf3 Qe7 20. Nxd4 cxd4 21. f5
g5 22. Nf3 Nh5 23. Rb1 h6 24. Qe2 Nf6 25. Ne1 Ba6 26. Nd3 Rfe8 27. a4 1-0

[Event "5. Obert Internacional Masdenverge 2016"]
[Site "Masdenverge ESP"]
[Date "2016.06.24"]
[Round "2.6"]
[White "Jausas Lopez, Andrea"]
[Black "Aymerich Rosell, Pablo"]
[Result "0-1"]
[WhiteElo "1838"]
[BlackElo "2173"]
[PlyCount "94"]
[EventDate "2016.06.24"]
[EventType "swiss"]
[EventRounds "7"]
[EventCountry "ESP"]
[SourceTitle "Ajedrez en Madrid"]
[Source "lmi"]
[SourceDate "2016.06.24"]
[SourceVersion "1"]
[SourceVersionDate "2018.04.15"]
[SourceQuality "1"]

1. Nf3 f5 2. c4 Nf6 3. d4 g6 4. g3 Bg7 5. Bg2 O-O 6. O-O d6 7. Nc3 c6 8. b3 Qa5
9. Bb2 e5 10. dxe5 dxe5 11. Qc2 Na6 12. a3 Qc7 13. b4 h6 14. e4 f4 15. Ne2 Nh5
16. h3 fxg3 17. fxg3 Be6 18. Kh2 Kh7 19. Rad1 Rad8 20. Nc1 Rxd1 21. Rxd1 Nb8
22. Qd3 Re8 23. c5 a5 24. Qd6 Qf7 25. Nd3 Nd7 26. Rf1 Qe7 27. Qxe7 Rxe7 28.
Nfxe5 axb4 29. axb4 Nxe5 30. Bxe5 Bc4 31. Bd6 Bxd3 32. Rd1 Rxe4 33. Bxe4 Bxe4
34. Re1 Nf6 35. Bb8 Kg8 36. Kg1 Kf7 37. Be5 Bd3 38. Rd1 Ba6 39. Rd4 Ke6 40. Bd6
Nd5 41. Re4+ Kf5 42. Re1 h5 43. Rb1 Bc3 44. Kg2 g5 45. Rb3 g4 46. hxg4+ hxg4
47. Rb1 Bd3 0-1

[Event "5. Obert Internacional Masdenverge 2016"]
[Site "Masdenverge ESP"]
[Date "2016.06.24"]
[Round "2.7"]
[White "Campos Olaya, Israel"]
[Black "Barberans Sola, Sebastia"]
[Result "1-0"]
[WhiteElo "2162"]
[BlackElo "1858"]
[PlyCount "29"]
[EventDate "2016.06.24"]
[EventType "swiss"]
[EventRounds "7"]
[EventCountry "ESP"]
[SourceTitle "Ajedrez en Madrid"]
[Source "lmi"]
[SourceDate "2016.06.24"]
[SourceVersion "1"]
[SourceVersionDate "2018.04.15"]
[SourceQuality "1"]

1. e4 e6 2. d4 d5 3. Bd3 Nf6 4. e5 Nfd7 5. Bf4 c5 6. c3 Qb6 7. Nf3 Nc6 8. Bc2
cxd4 9. cxd4 Bb4+ 10. Nc3 f6 11. O-O O-O 12. Kh1 Be7 13. a3 a6 14. Qd3 g6 15.
Bh6 1-0

[Event "5. Obert Internacional Masdenverge 2016"]
[Site "Masdenverge ESP"]
[Date "2016.06.24"]
[Round "2.8"]
[White "Beltran Reverter, Josep M."]
[Black "Colls Gelaberto, Emili"]
[Result "1-0"]
[WhiteElo "1823"]
[BlackElo "2135"]
[PlyCount "38"]
[EventDate "2016.06.24"]
[EventType "swiss"]
[EventRounds "7"]
[EventCountry "ESP"]
[SourceTitle "Ajedrez en Madrid"]
[Source "lmi"]
[SourceDate "2016.06.24"]
[SourceVersion "1"]
[SourceVersionDate "2018.04.15"]
[SourceQuality "1"]

1. d4 Nf6 2. c4 g6 3. Nc3 Bg7 4. e4 d6 5. Nf3 O-O 6. Be2 e5 7. O-O Nc6 8. d5
Ne7 9. Ne1 Nd7 10. Nd3 f5 11. b4 fxe4 12. Nxe4 Nf6 13. Ng5 Nf5 14. Bb2 Nxd5 15.
Nxe5 dxe5 16. Qxd5+ Qxd5 17. cxd5 Nd6 18. Rad1 Bh6 19. h4 Rf4 1-0

[Event "5. Obert Internacional Masdenverge 2016"]
[Site "Masdenverge ESP"]
[Date "2016.06.24"]
[Round "2.9"]
[White "Brusi Noguera, Ricardo Ll."]
[Black "Aubanell Ber, Sergi"]
[Result "1/2-1/2"]
[WhiteElo "2126"]
[BlackElo "1840"]
[PlyCount "83"]
[EventDate "2016.06.24"]
[EventType "swiss"]
[EventRounds "7"]
[EventCountry "ESP"]
[SourceTitle "Ajedrez en Madrid"]
[Source "lmi"]
[SourceDate "2016.06.24"]
[SourceVersion "1"]
[SourceVersionDate "2018.04.15"]
[SourceQuality "1"]

1. d4 Nf6 2. c4 e6 3. Nc3 Bb4 4. e3 Ne4 5. Qc2 f5 6. Bd3 Nd6 7. Nf3 b6 8. O-O
Bxc3 9. Qxc3 O-O 10. Qc2 Bb7 11. Ne5 Nc6 12. Nxc6 Bxc6 13. f3 Qh4 14. c5 Ne8
15. b4 b5 16. Qe2 Rb8 17. a4 a6 18. axb5 Bxb5 19. Bxb5 axb5 20. Ra7 Rf7 21. Bd2
c6 22. Rfa1 h6 23. Be1 Qh5 24. Bg3 Rd8 25. Ra8 Rxa8 26. Rxa8 Rf8 27. Qa2 Nf6
28. Rxf8+ Kxf8 29. Qa8+ Qe8 30. Bd6+ Kf7 31. Qa3 g5 32. Be5 Kg6 33. e4 Qf7 34.
Qd3 fxe4 35. fxe4 h5 36. Bg3 Kh6 37. Qf3 Qg6 38. Be5 Nh7 39. g3 Qg8 40. h3 Qf8
41. Qe3 Qa8 42. Qd2 1/2-1/2

[Event "5. Obert Internacional Masdenverge 2016"]
[Site "Masdenverge ESP"]
[Date "2016.06.24"]
[Round "2.10"]
[White "Taglione, Stefano"]
[Black "Buch Prades, Joan"]
[Result "0-1"]
[WhiteElo "1795"]
[BlackElo "2077"]
[PlyCount "74"]
[EventDate "2016.06.24"]
[EventType "swiss"]
[EventRounds "7"]
[EventCountry "ESP"]
[SourceTitle "Ajedrez en Madrid"]
[Source "lmi"]
[SourceDate "2016.06.24"]
[SourceVersion "1"]
[SourceVersionDate "2018.04.15"]
[SourceQuality "1"]

1. d4 Nf6 2. Nc3 d5 3. Bg5 c6 4. Bxf6 exf6 5. e3 Qb6 6. Qd2 Qxb2 7. Rb1 Qa3 8.
Rb3 Qa5 9. Bd3 Bd6 10. Nge2 f5 11. O-O Qc7 12. h3 O-O 13. Rfb1 g6 14. a4 Nd7
15. Na2 Nb6 16. Nec3 Re8 17. f4 Nc4 18. Bxc4 dxc4 19. R3b2 Ba3 20. Qe2 Bxb2 21.
Rxb2 Be6 22. h4 b5 23. g3 a6 24. e4 fxe4 25. Nxe4 Qe7 26. Qf2 Bd5 27. Nec3 b4
28. Nxd5 cxd5 29. Nxb4 Qd7 30. a5 Re4 31. c3 Rae8 32. Nxa6 Qh3 33. Qg2 Re1+ 34.
Kf2 R1e2+ 35. Rxe2 Rxe2+ 36. Kxe2 Qxg2+ 37. Kd1 Qa2 0-1

[Event "5. Obert Internacional Masdenverge 2016"]
[Site "Masdenverge ESP"]
[Date "2016.06.25"]
[Round "3.1"]
[White "Jordan Martinez, David"]
[Black "Hassomal Daswani, Birjkumar"]
[Result "0-1"]
[WhiteElo "2195"]
[BlackElo "2031"]
[PlyCount "108"]
[EventDate "2016.06.24"]
[EventType "swiss"]
[EventRounds "7"]
[EventCountry "ESP"]
[SourceTitle "Ajedrez en Madrid"]
[Source "lmi"]
[SourceDate "2016.06.24"]
[SourceVersion "1"]
[SourceVersionDate "2018.04.15"]
[SourceQuality "1"]

1. e4 c5 2. Nf3 d6 3. d4 cxd4 4. Nxd4 g6 5. c4 Bg7 6. Be3 Nc6 7. Be2 Nf6 8. Nc3
O-O 9. O-O Bd7 10. f3 Nxd4 11. Bxd4 Bc6 12. b4 b6 13. Qd2 e6 14. Rfd1 Qe7 15.
Rac1 Rfd8 16. Nb5 d5 17. cxd5 Bxb5 18. Bxb5 exd5 19. Bc6 Rac8 20. exd5 Nxd5 21.
Bxd5 Rxc1 22. Rxc1 Rxd5 23. Rc8+ Bf8 24. Qe3 Qd7 25. Rxf8+ Kxf8 26. Qh6+ Ke8
27. Be3 Qe7 28. Qf4 Qe5 29. Qh6 Rd1+ 30. Kf2 Rd3 31. Bf4 Qe6 32. Qxh7 Qxa2+ 33.
Kg3 Qe6 34. Qh8+ Ke7 35. h4 Qe1+ 36. Kh3 Rd5 37. Qb8 Qe6+ 38. Kg3 Qd7 39. Qh8
Rf5 40. Bg5+ Ke6 41. Qc3 Qd6+ 42. Kf2 f6 43. Be3 Kf7 44. Qc4+ Kg7 45. Qc8 Rd5
46. Bh6+ Kf7 47. Be3 Qd7 48. Qh8 Rh5 49. Qb8 Rxh4 50. g4 g5 51. Qa8 Kg7 52. Qe4
Qc7 53. Ke2 Rh2+ 54. Bf2 Qe5 0-1

[Event "5. Obert Internacional Masdenverge 2016"]
[Site "Masdenverge ESP"]
[Date "2016.06.25"]
[Round "3.2"]
[White "Jordan Martinez, Miguel"]
[Black "Adan Chavarria, Pere"]
[Result "1-0"]
[WhiteElo "2193"]
[BlackElo "1994"]
[PlyCount "57"]
[EventDate "2016.06.24"]
[EventType "swiss"]
[EventRounds "7"]
[EventCountry "ESP"]
[SourceTitle "Ajedrez en Madrid"]
[Source "lmi"]
[SourceDate "2016.06.24"]
[SourceVersion "1"]
[SourceVersionDate "2018.04.15"]
[SourceQuality "1"]

1. e4 e5 2. Nf3 Nc6 3. Bc4 Be7 4. d3 Nf6 5. c3 O-O 6. O-O d5 7. exd5 Nxd5 8.
Re1 Bg4 9. h3 Bh5 10. Nbd2 Nb6 11. Bb5 Qd5 12. Bxc6 bxc6 13. d4 Nc4 14. Nxc4 e4
15. g4 exf3 16. Rxe7 Qxc4 17. Qxf3 Rfe8 18. b3 Qa6 19. Rxe8+ Rxe8 20. gxh5 Re1+
21. Kh2 Qf1 22. Qg2 Qe2 23. Bh6 g6 24. Rxe1 Qxe1 25. Qg3 Qe7 26. Qe5 Qd6 27.
Qxd6 cxd6 28. hxg6 fxg6 29. Kg3 1-0

[Event "5. Obert Internacional Masdenverge 2016"]
[Site "Masdenverge ESP"]
[Date "2016.06.25"]
[Round "3.3"]
[White "Roig Aguilar, Alejandro"]
[Black "Rius Guarch, Daniel"]
[Result "1-0"]
[WhiteElo "2192"]
[BlackElo "1924"]
[PlyCount "69"]
[EventDate "2016.06.24"]
[EventType "swiss"]
[EventRounds "7"]
[EventCountry "ESP"]
[SourceTitle "Ajedrez en Madrid"]
[Source "lmi"]
[SourceDate "2016.06.24"]
[SourceVersion "1"]
[SourceVersionDate "2018.04.15"]
[SourceQuality "1"]

1. d4 Nf6 2. c4 d6 3. Nc3 g6 4. e4 Bg7 5. Nf3 O-O 6. Be2 e5 7. d5 a5 8. Bg5 h6
9. Be3 Na6 10. Nd2 Nd7 11. O-O f5 12. exf5 gxf5 13. f4 Nf6 14. Nb3 b6 15. Qd2
e4 16. Nd4 Bd7 17. Kh1 Nc5 18. Rf2 Qe7 19. h3 Rae8 20. g3 Kh8 21. Rg1 Rg8 22.
g4 fxg4 23. hxg4 Nh7 24. Rh2 Rgf8 25. f5 Kg8 26. Ne6 Bxe6 27. dxe6 Ng5 28. Nd5
Qd8 29. e7 Rxe7 30. Bxg5 hxg5 31. Qxg5 Re5 32. Qg6 Rf6 33. Qh7+ Kf7 34. Nxf6
Qxf6 35. g5 1-0